Aprender en la virtualidad.

Guardat en:
Dades bibliogràfiques
Autor principal: Duart, Josep M. comp, (autor)
Format: Llibre
Idioma:espanyol
Matèries:
Etiquetes: Afegir etiqueta
Sense etiquetes, Sigues el primer a etiquetar aquest registre!

MARC

LEADER 00000nam^a2200000^u^4500
001 000510021
005 20250521000000.0
008 091125s1000^^^^^^^^^^^^r^^^^^000^0^spa^d
009 20260310130115.728
022 |a 8474328055 
035 |a FCE 000054230 
037 |a Acervo ITESO - Biblioteca 
041 |a spa 
082 0 4 |a 371.334  |b A67 
100 |a Duart, Josep M.,  |e comp  |e (autor) 
245 1 0 |a Aprender en la virtualidad. 
264 |a Barcelona :  |b Gedisa,  |c 2000. 
300 |a 253 p. 
336 |a texto  |b txt  |2 rdacontenido 
337 |a sin mediación  |b n  |2 rdamedio 
338 |a volumen  |b nc  |2 rdasoporte 
649 |a XX 
650 |a Tecnología educativa 
650 |a Internet 
650 |a Nuevas tecnologías 
650 |a Enseñanza virtual 
910 |a Fondo Centro de Estudios Educativos 
920 |a Impresos - Libros 
930 |a Fondos Especiales 
905 |a 133 
901 |a ALE067591  |b IT2  |c CEE  |u 20250521 
902 |a https://opac.biblio.iteso.mx/vufind/Record/000510021